Загрузка...

O Jerusalem /

Библиографические подробности
Главный автор: Collins, Larry
Другие авторы: Lapierre , Dominique
Язык:Undetermined
Опубликовано: New Delhi : Tarang Paperbacks , 2008.
Предметы:
LEADER 00547nam a2200169Ia 4500
001 161444
008 170722s9999 xx 000 0 und d
100 |a Collins, Larry 
245 |a O Jerusalem / 
260 |a New Delhi :  |b Tarang Paperbacks ,  |c 2008. 
300 |a xx+648  |c 20cms 
653 |a O Jerusalem 
700 |a Lapierre , Dominique 
923 |d 20080828  |n CRB/0035 
942 |c GEN 
999 |c 139021  |d 139021 
952 |0 0  |1 0  |4 0  |6 V_46531_N7_L8P8  |7 0  |9 196463  |a LIB  |b LIB  |d 2013-03-25  |l 4  |o V4653:1.N7 L8,P8  |p 270904  |r 2019-10-22  |s 2019-09-25  |v 95.00  |w 2017-08-12  |y GEN